Utazásai Ázsiában az ifjúság számára átdolgozta Radó Vilmos

Bibliographic Details
Main Author: Vámbéry, Ármin, 1832-1913 (Author)
Format: Book
Language:Hungarian
PhysicalDescription:224 s., [16] s. obr. príl. 19 cm
Published: Budapest Eggenberger 1894
Edition:2. bőv. kiad.
Subjects:

MARC

LEADER 00000nam a2200000 a 4500
001 vtls001318736
003 SK-MaSNL
005 20260301155939.0
008 251124s1894 HU a 0 hun
020 |c 200,00 
035 |a SNK000271298 
040 |a SNK  |b slo  |c SNK  |e AACR2 
044 |a HU 
080 |a 910.4(5)  |2 1981 
100 1 |a Vámbéry, Ármin,  |d 1832-1913  |4 aut  |9 264134 
245 1 |a Utazásai Ázsiában  |b az ifjúság számára átdolgozta Radó Vilmos  |c Vámbéry Ármin 
250 |a 2. bőv. kiad. 
260 |a Budapest  |b Eggenberger  |c 1894  |e Budapest  |f Athenaeum 
300 |a 224 s., [16] s. obr. príl.  |c 19 cm 
651 7 |a Ázia  |2 SNK  |9 28709 
999 |c 803402  |d 805332 
952 |t P60, <04>, [BOOK], {604}  |a SNK  |b SNK  |y VYP  |7 0  |p 17A0118733  |o snkID 96263  |i snkK 263/98  |0 0  |1 0  |4 0  |d 1998-01-30  |l 0  |r 2005-01-02 00:00:00  |w 2026-02-24